000 00941 a2200241 4500
005 2008081903313.0
008 080819t xxu||||| |||| 00| 0 eng d
010 _aENG-84719
020 _a8180544834
_c200.00
035 _aEN-68252
037 _bD.B.Act / Pub
040 _adpl
_bEnglihs
082 _a657.48
100 _aMaheshwari, S. N.
245 _aFundamentals of financial management
_bfor professional educational examination-II
_cby S. N. Maheshwari
250 _a4th rev. ed
260 _aNew Delhi
_bSultan Chand and Sons
_c2006
270 _a23, Darya Ganj,
_bNew Delhi
_cDelhi
_e110002
_k23266105
_l23266357
300 _axiv,various pagings
_c24 cm (Pbk)
650 _aFinancial management
942 _adpl
_cEN
_k657.48 / MAH
_2ddc
_h657.48
_mMAH
999 _c156
_d156